| 000 | 004150000a22001570004500 | ||
|---|---|---|---|
| 090 |
_aAR _b01385 |
||
| 245 | 1 | 0 | _aPuente de Icononzo |
| 650 | 1 | 4 |
_aGeología _993001 |
| 650 | 1 | 4 |
_aGeografía _992259 |
| 650 | 1 | 4 |
_aAccidentes geológicos _993597 |
| 651 | 4 |
_lPuente de Icononzo _pColombia _992749 |
|
| 041 | 0 | _aEspañol | |
| 100 | 1 |
_aCuervo, Romualdo _994691 |
|
| 942 | _cARTICULO | ||
| 773 | 1 |
_tPreprint _33 _q282-295 _d1990? |
|
| 999 |
_c10470 _d10470 |
||